[Event "SLO-ch 32nd"]
[Site "Radenci"]
[Date "2022.07.04"]
[Round "2"]
[White "Kejzar, Petra"]
[Black "Skuhala, Jernej"]
[Result "0-1"]
[WhiteElo "2087"]
[BlackElo "2378"]
[PlyCount "80"]
[EventDate "2022.07.03"]
[EventType "swiss"]
[EventRounds "9"]
[EventCountry "SLO"]
[SourceTitle "EXT 2023"]
[Source "ChessBase"]
[SourceDate "2022.10.05"]
[SourceVersion "1"]
[SourceVersionDate "2022.10.05"]
[SourceQuality "1"]

1. c4 Nf6 2. g3 e6 3. Bg2 d5 4. Nf3 Be7 5. 0-0 d4 6. e3 c5 7. exd4 cxd4 8. d3 Nc6 9. Na3 0-0 10. Nc2 a5 11. b3 e5 12. Re1 Nd7 13. Ba3 Re8 14. Bxe7 Rxe7 15. a3 Nc5 16. b4 axb4 17. axb4 Rxa1 18. Nxa1 Nxb4 19. Nxe5 Bf5 20. Nb3 Nxb3 21. Qxb3 Qa5 22. Nf3 Rxe1+ 23. Nxe1 Nxd3 24. Nf3 g6 25. Qd1 Qa2 26. Nd2 b6 27. Qe2 Qa1+ 28. Nf1 Qb2 29. Qf3 Kg7 30. g4 Be4 31. Qg3 Bxg2 32. Kxg2 Qe2 33. h4 Ne5 34. g5 Qe4+ 35. Kh2 Nxc4 36. Kg1 d3 37. h5 gxh5 38. Qc7 d2 39. Nxd2 Qg4+ 40. Kh2 Qh4+ 0-1

[Event "Titled Tuesday intern op 31st May Late"]
[Site "Chess.com INT"]
[Date "2022.05.31"]
[Round "1"]
[White "Amburgy, Ryan"]
[Black "Skuhala, Jernej"]
[Result "0-1"]
[WhiteElo "2234"]
[BlackElo "2378"]
[PlyCount "142"]
[EventDate "2022.05.31"]
[EventType "swiss (blitz)"]
[EventRounds "11"]
[EventCountry "USA"]
[SourceTitle "CBM 208 Extra"]
[Source "ChessBase"]
[SourceDate "2022.07.31"]
[SourceVersion "1"]
[SourceVersionDate "2022.07.31"]
[SourceQuality "1"]

1. Nf3 Nf6 2. c4 e6 3. Nc3 d5 4. e3 Be7 5. b3 0-0 6. Bb2 c5 7. cxd5 exd5 8. d4 cxd4 9. Nxd4 Nc6 10. Be2 Qb6 11. Nf3 Bg4 12. 0-0 Rfd8 13. Na4 Qc7 14. Rc1 Rac8 15. h3 Bh5 16. Nd4 Bxe2 17. Qxe2 Nxd4 18. exd4 Qd7 19. Nc5 Bxc5 20. Rxc5 Ne4 21. Rxc8 Rxc8 22. Qd3 h6 23. Re1 Rc6 24. f3 Nf6 25. Ba3 Ra6 26. Re7 Qd8 27. Bb4 Rxa2 28. Qb5 Qc8 29. Qc5 Qf5 30. Qc7 Qg5 31. g4 Qh4 32. Be1 Qxh3 33. Qc8+ Kh7 34. Qf5+ Kh8 35. Bf2 Ra1+ 36. Re1 Rxe1+ 37. Bxe1 h5 38. Qc8+ Ng8 39. Qf5 hxg4 40. fxg4 Nh6 41. Qxd5 Nxg4 42. Qd6 Qe3+ 43. Kf1 Qf3+ 44. Kg1 Kh7 45. d5 Qe3+ 46. Kf1 Qf3+ 47. Kg1 Qe2 48. Qg3 Ne3 49. Qh3+ Kg6 50. Qg3+ Kf5 51. Qf2+ Qxf2+ 52. Bxf2 Nxd5 53. Bxa7 Ke4 54. Bc5 g5 55. Kf2 g4 56. Kg3 f5 57. Bd6 Nc3 58. b4 Nd5 59. Bc5 Nf6 60. Be7 f4+ 61. Kh4 Kf5 62. Bxf6 Kxf6 63. Kxg4 Ke5 64. Kf3 b5 65. Kf2 Ke4 66. Ke2 Kd4 67. Kf3 Kc4 68. Ke4 Kxb4 69. Kd3 Kb3 70. Kd2 b4 71. Kc1 Ka2 0-1

[Event "CRO Cup"]
[Site "Vodice"]
[Date "2022.05.22"]
[Round "6.2"]
[White "Skuhala, Jernej"]
[Black "Doric, Darko"]
[Result "1/2-1/2"]
[WhiteElo "2378"]
[BlackElo "2483"]
[PlyCount "58"]
[EventDate "2022.05.18"]
[EventType "team-swiss"]
[EventRounds "6"]
[EventCountry "CRO"]
[SourceTitle "CBM 208 Extra"]
[Source "ChessBase"]
[SourceDate "2022.07.31"]
[SourceVersion "1"]
[SourceVersionDate "2022.07.31"]
[SourceQuality "1"]
[WhiteTeam "Mihovljan Sloboda"]
[BlackTeam "Sveta Nedelja"]
[WhiteTeamCountry "CRO"]
[BlackTeamCountry "CRO"]

1. e4 c6 2. d4 d5 3. Nc3 dxe4 4. Nxe4 Nf6 5. Nxf6+ exf6 6. c3 Bd6 7. Bd3 0-0 8. Qc2 Re8+ 9. Ne2 h5 10. Be3 Nd7 11. 0-0-0 Nf8 12. Kb1 Be6 13. Bf4 b5 14. Rhe1 Bd5 15. Bxd6 Qxd6 16. g3 Qe6 17. b3 a5 18. Qd2 a4 19. Nf4 Qd6 20. Nxd5 Qxd5 21. b4 g6 22. Re3 f5 23. Rde1 Rxe3 24. Qxe3 Nd7 25. Be2 Nf6 26. Bf3 Qc4 27. Be2 Qd5 28. Bf3 Qc4 29. Be2 Qd5 1/2-1/2

[Event "CRO Cup"]
[Site "Vodice"]
[Date "2022.05.21"]
[Round "5.4"]
[White "Skuhala, Jernej"]
[Black "Plenkovic, Zdenko"]
[Result "1-0"]
[WhiteElo "2378"]
[BlackElo "2375"]
[PlyCount "81"]
[EventDate "2022.05.18"]
[EventType "team-swiss"]
[EventRounds "6"]
[EventCountry "CRO"]
[SourceTitle "CBM 208 Extra"]
[Source "ChessBase"]
[SourceDate "2022.07.31"]
[SourceVersion "1"]
[SourceVersionDate "2022.07.31"]
[SourceQuality "1"]
[WhiteTeam "Mihovljan Sloboda"]
[BlackTeam "Bibinje Goran"]
[WhiteTeamCountry "CRO"]
[BlackTeamCountry "CRO"]

1. e4 c5 2. Nf3 Nc6 3. d4 cxd4 4. Nxd4 Qb6 5. Nb3 Nf6 6. Nc3 e6 7. Be3 Qc7 8. Bd3 a6 9. f4 b5 10. e5 b4 11. Ne4 Nxe4 12. Bxe4 Bb7 13. Nc5 Be7 14. Nxb7 Qxb7 15. Qd3 f5 16. exf6 gxf6 17. f5 d5 18. Bf3 0-0-0 19. Be2 e5 20. Qxa6 Qxa6 21. Bxa6+ Kc7 22. Be2 Ra8 23. g4 d4 24. Bh6 b3 25. cxb3 e4 26. Bc4 Nb4 27. Kd2 Nxa2 28. Bd5 e3+ 29. Ke2 Ra5 30. Bc4 Rha8 31. Rad1 Rd8 32. Rhf1 Nb4 33. g5 fxg5 34. f6 Bc5 35. Rf5 Kb6 36. f7 Ra2 37. Rb1 d3+ 38. Kf3 g4+ 39. Kxg4 Nc2 40. Rxc5 Kxc5 41. Bxd3 1-0

[Event "CRO Cup"]
[Site "Vodice"]
[Date "2022.05.20"]
[Round "4.4"]
[White "Fercec, Nenad"]
[Black "Skuhala, Jernej"]
[Result "1/2-1/2"]
[WhiteElo "2415"]
[BlackElo "2378"]
[PlyCount "35"]
[EventDate "2022.05.18"]
[EventType "team-swiss"]
[EventRounds "6"]
[EventCountry "CRO"]
[SourceTitle "CBM 208 Extra"]
[Source "ChessBase"]
[SourceDate "2022.07.31"]
[SourceVersion "1"]
[SourceVersionDate "2022.07.31"]
[SourceQuality "1"]
[WhiteTeam "Pula"]
[BlackTeam "Mihovljan Sloboda"]
[WhiteTeamCountry "CRO"]
[BlackTeamCountry "CRO"]

1. e4 c5 2. Nf3 d6 3. d4 cxd4 4. Qxd4 Nc6 5. Qe3 g6 6. Be2 Bg7 7. 0-0 Nf6 8. h3 0-0 9. c4 Be6 10. Nc3 Na5 11. Nd2 Rc8 12. Nd5 Nd7 13. Rb1 Nc6 14. b3 Bd4 15. Qh6 Bg7 16. Qe3 Bd4 17. Qh6 Bg7 18. Qe3 1/2-1/2

[Event "Titled Tuesday intern op 11th Jan"]
[Site "Chess.com INT"]
[Date "2022.01.11"]
[Round "1"]
[White "Nesterov, Arseniy"]
[Black "Skuhala, Jernej"]
[Result "1-0"]
[WhiteElo "2522"]
[BlackElo "2357"]
[PlyCount "129"]
[EventDate "2022.01.11"]
[EventType "swiss (blitz)"]
[EventRounds "11"]
[EventCountry "USA"]
[SourceTitle "CBM 206 Extra"]
[Source "ChessBase"]
[SourceDate "2022.03.31"]
[SourceVersion "1"]
[SourceVersionDate "2022.03.31"]
[SourceQuality "1"]

1. d4 Nf6 2. c4 e6 3. Nc3 Bb4 4. Qc2 c5 5. dxc5 0-0 6. Nf3 Na6 7. g3 Nxc5 8. Bg2 Nce4 9. 0-0 Nxc3 10. bxc3 Bc5 11. e4 d6 12. e5 dxe5 13. Nxe5 Qc7 14. Bf4 Bd6 15. Qe2 Nd7 16. Nxd7 Bxd7 17. Bxd6 Qxd6 18. Bxb7 Rab8 19. Rfd1 Qc7 20. Be4 Rfc8 21. Bxh7+ Kxh7 22. Qd3+ f5 23. Qxd7 Qxd7 24. Rxd7 Rxc4 25. Rxa7 Rxc3 26. Re7 Rb6 27. a4 Kg6 28. a5 Ra6 29. Rd1 Kf6 30. Rdd7 g5 31. Ra7 Rxa7 32. Rxa7 Ra3 33. a6 Ra1+ 34. Kg2 g4 35. Ra8 Ke5 36. h4 gxh3+ 37. Kxh3 Ra2 38. a7 Ke4 39. f4 Kf3 40. Kh4 Ra6 41. Kh5 Ra5 42. Kh6 Ra6 43. Kh5 Ra5 44. Kh4 Ra6 45. Re8 Rxa7 46. Rxe6 Rh7+ 47. Kg5 Rf7 48. Rf6 Rg7+ 49. Kxf5 Kxg3 50. Ke6 Kg4 51. f5 Kg5 52. Rf8 Ra7 53. Rg8+ Kh6 54. Rd8 Ra6+ 55. Rd6 Ra7 56. Kf6 Kh7 57. Re6 Ra5 58. Re7+ Kg8 59. Kg6 Kf8 60. Rh7 Ra1 61. Rh8+ Ke7 62. f6+ Ke6 63. Re8+ Kd7 64. f7 Rg1+ 65. Kh5 1-0

[Event "Titled Tuesday intern op 09th Nov"]
[Site "Chess.com INT"]
[Date "2021.11.09"]
[Round "1"]
[White "Hakobyan, Aram"]
[Black "Skuhala, Jernej"]
[Result "1-0"]
[WhiteElo "2607"]
[BlackElo "2368"]
[PlyCount "99"]
[EventDate "2021.11.09"]
[EventType "swiss (blitz)"]
[EventRounds "11"]
[EventCountry "USA"]
[SourceTitle "CBM 205 Extra"]
[Source "ChessBase"]
[SourceDate "2022.01.31"]
[SourceVersion "1"]
[SourceVersionDate "2022.01.31"]
[SourceQuality "1"]

1. d4 Nf6 2. c4 e6 3. Nc3 Bb4 4. Qc2 c5 5. dxc5 0-0 6. a3 Bxc5 7. Nf3 b6 8. Bg5 Bb7 9. e3 Be7 10. Be2 d6 11. 0-0 Nc6 12. Rfd1 a6 13. Rd2 Qc7 14. Rad1 Rac8 15. Bxf6 Bxf6 16. Rxd6 Ne5 17. Nxe5 Bxe5 18. Rd7 Qb8 19. g3 Rfd8 20. Ne4 Rxd7 21. Rxd7 Rd8 22. Rxd8+ Qxd8 23. b4 h6 24. Nd2 Bf6 25. Bf3 Bc8 26. Ne4 Be7 27. c5 bxc5 28. Nxc5 a5 29. Kg2 axb4 30. axb4 Qb6 31. Na4 Qb8 32. b5 e5 33. Qc6 Kh7 34. Nb6 Be6 35. Nd5 Bd8 36. Be4+ g6 37. Bf3 Kg7 38. Qc5 h5 39. Nb4 Bb6 40. Qc3 Ba5 41. Qc5 Bb6 42. Qc6 Ba5 43. Na6 Qd8 44. Nc5 Bf5 45. Nb7 Qb6 46. Nxa5 Qxa5 47. b6 Qb4 48. b7 e4 49. Be2 Qb2 50. Qb5 1-0

[Event "Titled Tuesday intern op 26th Oct"]
[Site "Chess.com INT"]
[Date "2021.10.26"]
[Round "1"]
[White "Bortnyk, Olexandr"]
[Black "Skuhala, Jernej"]
[Result "1-0"]
[WhiteElo "2604"]
[BlackElo "2348"]
[PlyCount "43"]
[EventDate "2021.10.26"]
[EventType "swiss (blitz)"]
[EventRounds "11"]
[EventCountry "USA"]
[SourceTitle "CBM 204 Extra"]
[Source "ChessBase"]
[SourceDate "2021.11.30"]
[SourceVersion "1"]
[SourceVersionDate "2021.11.30"]
[SourceQuality "1"]

1. e4 c6 2. c4 d5 3. cxd5 cxd5 4. exd5 Qxd5 5. Nc3 Qd8 6. Bc4 e6 7. Nf3 Nf6 8. 0-0 Nbd7 9. d4 Nb6 10. Bd3 Be7 11. Qe2 0-0 12. Bg5 Nbd5 13. Rfe1 h6 14. Bd2 Bd6 15. Ne5 Bd7 16. Qf3 Rc8 17. Ne4 Qe7 18. Nxd6 Qxd6 19. Bxh6 Rfd8 20. Bxg7 Kxg7 21. Qg3+ Kf8 22. Ng6+ 1-0